000 02342nam0a2200457 4500
001 RU\NLR\bibl\1441950
005 20260405211135.0
010 _a978-5-93646-152-1
_9500
021 _aRU
_b2009-79335
_94975
035 _a(nilc)RSL-KNO-004390502
035 _aEL/0000303337
035 _a(NLR Aleph) 001433802
090 _a1419425
_c1419425
100 _a20090930d2009 |||y0rusy50 ca
101 0 _arus
_deng
102 _aRU
105 _ay |||||||||
200 1 _aБурные годы "Тихого поля" в Новороссии
_dViolent years of the "Peaceful field" in Novorossiya
_eдва века еврейской колонии Сейдеменуха
_eисторико-генеалогическое исследование
_fДмитрий Фельдман, Дмитрий Панов
_zeng
210 _aМосква
_cДревлехранилище
_d2009
215 _a231 с., [28] л. ил., портр.
_cтабл.
_d21
300 _aАвт. также на англ. яз.: Dmitry Z. Feldman, Dmitry A. Panov
300 _aРез. на англ. яз.
320 _aБиблиогр. в примеч. в конце гл.
320 _aВспом. указ.: с.132-149
510 0 _6z77790
_aViolent years of the "Peaceful field" in Novorossiya
_zeng
606 1 _aЕвреи
_yУкраина Южная
_92609050
_3RU\NLR\auth\661545608
686 _aТ3(2Ук-2Сейдемнуха9=Е)0,02
_2rubbk
686 _aТ3(2Ук9=Е)
_vLBC/SL
_2rubbk
686 _a63.3(4Ук-4Хес)
_vLBC/M
_2rubbk
686 _aТ3(29=Е)0,02
700 1 _4070
_8rus
_7ca
_aФельдман
_bД. З.
_cканд. ист. наук
_f1958-
_gДмитрий Захарович
_3RU\NLR\AUTH\7751422
_934356
701 1 _4070
_8rus
_7ca
_aПанов
_bД. А.
_cканд. ист. наук
_f1964-
_gДмитрий Аркадьевич
_3RU\NLR\AUTH\7794215
_977141
790 1 _4070
_8rus
_7ba
_aFel'dman
_bD. Z.
_cканд. ист. наук
_f1958-
_gDmitrij Zacharovič
_3RU\NLR\AUTH\7751425
_934359
790 1 _4070
_8rus
_7ba
_aPanov
_bD. A.
_cканд. ист. наук
_f1964-
_gDmitrij Arkad'evič
_3RU\NLR\AUTH\7794268
_977194
801 0 _aRU
_bРГБ
_c20090930
_grcr
801 1 _aRU
_bРГБ
_c20090930
801 2 _aRU
_bГПИБ России
_c20091111
_2rusmarc
801 2 _aRU
_bNLR
_c20091012
_grcr
942 _cBOOK
980 _aNB